000 00390pab a2200145 454500
008 180718b2005 xxu||||| |||| 00| 0 eng d
100 _aPosner, Richard A.
245 _aIntellectual property: the law and economics approach
260 _c2005
300 _ap.57-73.
362 _aSpring
650 _aIntellectual property
773 _aJournal of Economic Perspectives
909 _a65478
999 _c65478
_d65478